00611nam a2200169Ia 450000500170000000800410001702000180005808200200007610000250009624500540012126000510017530000170022650000690024394200060031295201080031899900150042620250626031159.0240331s9999 xx 000 0 und d a9789555034807 astudy,bATHcase aAththanayake,M.T.R.S 0aNagarika dugee bawata balapana parasarika sadhaka aSri LankabNational Library of Sri Lankac2007 aix, 169 p ., aA book on Environmental Factors that Contribute to urban Poverty cL 001040708LaWERCLbWERCLcSSCd2024-03-31l0o 361.2 ATHcase study,p6306r2024-03-31w2024-03-31yL c5079d5079